Molecular markers for plant breeding: Comparison of RFLP and RAPD genotyping costs (Record no. 63204)

MARC details
000 -LEADER
fixed length control field 00494nam a2200181Ia 4500
100 ## - MAIN ENTRY--AUTHOR NAME
Personal name Ragot M
245 #0 - TITLE STATEMENT
Title Molecular markers for plant breeding: Comparison of RFLP and RAPD genotyping costs
260 ## - PUBLICATION, DISTRIBUTION, ETC. (IMPRINT)
Name of publisher Theoretical and Applied Genetics
Year of publication 1993
300 ## - PHYSICAL DESCRIPTION
Number of Pages 975-984
650 ## - SUBJECT ADDED ENTRY--TOPICAL TERM
Topical Term Chemiluminescence
650 ## - SUBJECT ADDED ENTRY--TOPICAL TERM
Topical Term Genotyping costs
650 ## - SUBJECT ADDED ENTRY--TOPICAL TERM
Topical Term RAPD
650 ## - SUBJECT ADDED ENTRY--TOPICAL TERM
Topical Term RFLP
650 ## - SUBJECT ADDED ENTRY--TOPICAL TERM
Topical Term Zea mays
700 ## - ADDED ENTRY--PERSONAL NAME
Personal name Hoisington D A
942 ## - ADDED ENTRY ELEMENTS (KOHA)
Koha item type Journals
Holdings
Withdrawn status Lost status Damaged status Not for loan Home library Current library Shelving location Date acquired Serial Enumeration / chronology Koha item type
      Journals RRII Library RRII Library RFLP 17/12/2021 Volume 86, Issue 8 Journals